000 00960nam a2200253Ia 4500
003 Ost
005 20260507074905.0
008 260507s9999||||xx |||||||||||||| ||und||
020 _a9957114107
040 _cfsecg
041 _aara
082 _a657.46
100 _aعطية، سليمان حسن
_eمؤلف
245 0 _aالمحاسبة في شركات المقاولات :
_bالإجراءات والرقابة وطريقة استخدام المسار الحرج /
_c سليمان حسن عطية
260 _aعمان:
_bدار وائل للنشر والتوزيع,
_c2004
300 _a129 صفحة؛
_bإيضاحات ؛
_c25 سم
504 _aمراجع ص.167
520 _aالنظام المحاسبي، طريقة المسار الحرج
653 _aإدارة الأعمال
653 _aالمحاسبة المالية
653 _aالمنشآت التجارية
653 _aمحاسبة الشركات
942 _cكتاب
999 _c41692
_d41692